[Event "POL-chT 2nd League"]
[Site "Wysowa"]
[Date "2003.09.06"]
[Round "1"]
[White "Czakon, Jakub"]
[Black "Spisak, Czeslaw"]
[Result "1-0"]
[WhiteElo "2386"]
[BlackElo "2359"]
[PlyCount "119"]
[EventDate "2003.09.06"]
[EventType "team-swiss"]
[EventRounds "11"]
[EventCountry "POL"]
[SourceTitle "CBM 096 Extra"]
[Source "ChessBase"]
[SourceDate "2003.10.22"]
[SourceVersion "2"]
[SourceVersionDate "2003.10.20"]
[SourceQuality "1"]
[WhiteTeam "Katowice Start"]
[BlackTeam "Dankowice Pasjonat"]
[WhiteTeamCountry "POL"]
[BlackTeamCountry "POL"]

1. e4 c5 2. Nf3 Nc6 3. Nc3 e6 4. d4 cxd4 5. Nxd4 Qc7 6. Be3 a6 7. Be2 Nf6 8. 0-0 Be7 9. f4 d6 10. a4 0-0 11. Kh1 Rd8 12. Bg1 Bd7 13. Qd3 Rac8 14. Qg3 e5 15. fxe5 dxe5 16. Nxc6 Bxc6 17. Bc4 Bxe4 18. Nxe4 Nxe4 19. Bxf7+ Kh8 20. Qg4 Qxc2 21. Rae1 Nf6 22. Qe6 Bf8 23. Qxe5 Qxa4 24. Be6 Ra8 25. Bb6 Rd6 26. Bc7 Rc6 27. Qg3 Bb4 28. Ra1 Qb5 29. Bb3 Re8 30. Ba4 Ne4 31. Qf4 Qd5 32. Bxc6 Qxc6 33. Rac1 Qe6 34. Qf7 Qxf7 35. Rxf7 Kg8 36. Rf3 a5 37. h3 b5 38. Bf4 a4 39. Rc7 Nd6 40. Rd3 Nc4 41. Rd5 Nxb2 42. Rxb5 Nd3 43. Rd7 a3 44. Ra7 Bc5 45. Ra4 h5 46. Kh2 Re2 47. Bg3 Be7 48. Rxh5 g5 49. Rh6 a2 50. Rha6 Nb4 51. R6a5 Bf6 52. Rxb4 a1Q 53. Rxa1 Bxa1 54. Rb7 Bf6 55. Kg1 Rc2 56. Bf2 Rc1+ 57. Kh2 Rc2 58. Kg3 Rb2 59. Rxb2 Bxb2 60. Be3 1-0

[Event "Golden Rook op"]
[Site "Chotowa"]
[Date "2003.05.14"]
[Round "9"]
[White "Spisak, Czeslaw"]
[Black "Jablonski, Marcin"]
[Result "1/2-1/2"]
[WhiteElo "2000"]
[BlackElo "2323"]
[PlyCount "21"]
[EventDate "2003.05.??"]
[EventType "swiss"]
[EventRounds "9"]
[EventCountry "POL"]
[SourceTitle "EXT 2005"]
[Source "ChessBase"]
[SourceDate "2004.11.15"]
[SourceVersion "1"]
[SourceVersionDate "2004.11.15"]
[SourceQuality "1"]

1. e4 e6 2. d4 d5 3. Nc3 dxe4 4. Nxe4 Nd7 5. Nf3 Ngf6 6. Bg5 Be7 7. Nxf6+ Bxf6 8. Bxf6 Qxf6 9. Be2 0-0 10. 0-0 b6 11. Bb5 1/2-1/2